The checklist manifesto: (Record no. 50723)

MARC details
000 -LEADER
fixed length control field 00753nam a22002057a 4500
005 - DATE AND TIME OF LATEST TRANSACTION
control field 2011022200510.0
008 - FIXED-LENGTH DATA ELEMENTS--GENERAL INFORMATION
fixed length control field 110222t xxu||||| |||| 00| 0 eng d
010 ## - LCCN (DPL NO)
LC control number B-422619
020 ## - INTERNATIONAL STANDARD BOOK NUMBER
International Standard Book Number 9780670084401
Terms of availability 399.00
035 ## - SYSTEM CONTROL NUMBER
System control number B-422619
037 ## - SOURCE OF ACQUISITION
Source of stock number/acquisition UBH
082 ## - DEWEY DECIMAL CLASSIFICATION NUMBER
Classification number 615
100 ## - MAIN ENTRY--PERSONAL NAME
Personal name Gawande,Atul
9 (RLIN) 26154
245 ## - TITLE STATEMENT
Title The checklist manifesto:
Remainder of title how to get things right/
Statement of responsibility, etc by Atul Gawande
260 ## - PUBLICATION, DISTRIBUTION, ETC. (IMPRINT)
Place of publication, distribution, etc New Delhi
Name of publisher, distributor, etc Viking
Date of publication, distribution, etc 2010
300 ## - PHYSICAL DESCRIPTION
Extent viii,209p.
Dimensions 22cm.(Hb)
942 ## - ADDED ENTRY ELEMENTS (KOHA)
Source of classification or shelving scheme Dewey Decimal Classification
Item type English Books
Classification part 615
Call number suffix GAW
Holdings
Withdrawn status Lost status Source of classification or shelving scheme Damaged status Not for loan Home library Current library Date acquired Source of acquisition Cost, normal purchase price Total Checkouts Full call number Barcode Date last seen Copy number Cost, replacement price Koha item type
  Written-off vide DLB M. No. 383 dt 16.05.19 Dewey Decimal Classification     Sarojini Nagar Sarojini Nagar 22/02/2011 UBH/265/14.02.2011/22.02.11 399.00   615 GAW B-422619 22/02/2011 1 399.00 English Books

© Delhi Public Library
Hit Counter
free hit counter